[Event "ISR-ch (Women)"]
[Site "Beersheba"]
[Date "2014.06.20"]
[Round "4"]
[White "Caspi, Tamar"]
[Black "Altshul, Limor"]
[Result "0-1"]
[WhiteElo "1701"]
[BlackElo "1886"]
[PlyCount "86"]
[EventDate "2014.06.17"]
[EventType "tourn"]
[EventRounds "9"]
[EventCountry "ISR"]
[SourceTitle "CBM 161 Extra"]
[Source "ChessBase"]
[SourceDate "2014.08.29"]
[SourceVersion "1"]
[SourceVersionDate "2014.08.29"]
[SourceQuality "1"]

1. e4 c5 2. Nc3 Nc6 3. g3 g6 4. Bg2 Bg7 5. d3 d6 6. f4 e6 7. Nf3 Nge7 8. 0-0 0-0 9. g4 Rb8 10. Ne2 b5 11. Ng3 b4 12. f5 Nd4 13. Nxd4 Bxd4+ 14. Kh1 exf5 15. gxf5 Nc6 16. Bh6 Re8 17. fxg6 hxg6 18. Qf3 Be6 19. Nf5 Be5 20. Bh3 Kh7 21. Rf2 Bxf5 22. exf5 Kxh6 23. Qxc6 Qh4 24. Qf3 Bd4 25. Qf4+ Qxf4 26. Rxf4 g5 27. Re4 Rxe4 28. dxe4 Re8 29. Re1 Bxb2 30. Bg4 Bd4 31. Kg2 Kg7 32. Kf3 Kf6 33. Re2 Rb8 34. Re1 Rb6 35. Rd1 Ra6 36. Ke2 Rxa2 37. Kd3 Ra3+ 38. Kc4 Ke5 39. Rd3 Ra2 40. Bd1 Kxe4 41. Bf3+ Kxf5 42. Rxd4 cxd4 43. Kxd4 Kf4 0-1